000 00375nam a22001577a 4500
003 CEME
005 20210628203209.0
008 210420b xxu||||| |||| 00| 0 eng d
040 _c.
082 _a512.72 GRI'E
100 _aGriffen, Hariet
_963920
245 _aElementary theory of numbers
260 _aNEWYORK
_bMCGRAW HILL
_c1954
300 _a203P
942 _cBK
_2ddc
999 _c572605
_d572605